Score 0/6 Timer 01:30
1 Play Today
% Correct
Jacksonville Jaguars
91%
New York Jets
86.8%
Winnipeg Jets
86.6%
Utah Jazz
85%
Toronto Blue Jays
66%
Columbus Blue Jackets
47.7%
Remove Ads.
Support Sporcle.
Get the best of Sporcle when you Go Orange. This ad-free experience offers more features, more stats, and more fun while also helping to support Sporcle. Thank you for becoming a member.

You're not logged in!

Compare scores with friends on all Sporcle quizzes.
OR
Log In

Show Comments

Extras

Top Quizzes Today


Score Distribution

Your Account Isn't Verified!

In order to create a playlist on Sporcle, you need to verify the email address you used during registration. Go to your Sporcle Settings to finish the process.

Report this User

Report this user for behavior that violates our Community Guidelines.

Details: